000 00565nam a2200193Ia 4500
008 150610s9999 xx 000 0 und d
020 _a1565123697
050 _aPS3551
_b.L39223J83 2003
100 _a Allen, Dwight, 1951-
245 _aJudge :
_ba novel /
_cDwight Allen.
250 _a1st ed.
260 _aChapel Hill, N.C. :
_bAlgonquin Books of Chapel Hill,
_c2003.
300 _a315pages ;
_c24 cm.
520 _aFiction.
650 _a Death
_xFiction.
650 _aGrief
_bFiction.
650 _aJudges' spouses
_xFiction.
650 _bLegal stories.
999 _c288182
_d288182